000 00685nam a2200217Ia 4500
005 20221116143639.0
008 210716s2007 xx 000 0 und d
020 _a9788173198175
040 _cAIMIT LIBRARY
041 _aeng
082 _a621.3916
_21
_bPADT
100 _aPadmanabhan, T R.
_962230
245 _aIntroduction to microcontrollers and their applications /
_cBy T R Padmanabhan.
250 _a1st ed.
260 _aNew Delhi :
_bNarosa Publishing House ,
_c2007.
300 _axix,14.28,I.3p. ;
_c24 cm.
650 _aA case for microcontrollers
_962231
650 _aMemory
_962232
650 _aData transfer unit
_962233
942 _2ddc
_cBK
_e1st
_k621.3916 PADT
999 _c188409
_d188409